The historical Bible, Vol 5: (Record no. 3314)

000 -LEADER
fixed length control field 00638nam a2200181 a 4500
001 - CONTROL NUMBER
control field :::00001044$&:&@@
003 - CONTROL NUMBER IDENTIFIER
control field OkBaRHE
005 - DATE AND TIME OF LATEST TRANSACTION
control field 20000829082507.0
008 - FIXED-LENGTH DATA ELEMENTS--GENERAL INFORMATION
fixed length control field s1913 j 000 0 eng u
040 ## - CATALOGING SOURCE
Transcribing agency
100 1# - MAIN ENTRY--PERSONAL NAME
Personal name Kent, Charles Foster, 1867-1925,
245 14 - TITLE STATEMENT
Title The historical Bible, Vol 5:
Remainder of title The life and teachings of Jesus: according to the earliest records.
260 ## - PUBLICATION, DISTRIBUTION, ETC. (IMPRINT)
Place of publication, distribution, etc New York, NY., :
Name of publisher, distributor, etc Charles Scribner's Sons
Date of publication, distribution, etc c1913
300 ## - PHYSICAL DESCRIPTION
Extent 337 p. : illus. ;
Dimensions 19 cm.
650 ## - SUBJECT ADDED ENTRY--TOPICAL TERM
Topical term or geographic name as entry element Jesus Christ
General subdivision Biography
942 ## - ADDED ENTRY ELEMENTS (KOHA)
Source of classification or shelving scheme
Koha item type Books
Copies
Barcode Koha item type Lost status Source of classification or shelving scheme Date acquired Damaged status Copy number Withdrawn status Date last seen Full call number Shelving location Permanent Location Price effective from Not for loan
1044Books  2010-04-14 1 2010-04-14BS 511 .K4General StacksRHEMA Bible Training College2010-04-14